000 00525nam a2200181 a 4500
001 23142
003 CO-ViMGA
008 141112s2004 ck r 000 u spa d
040 _aCO-ViMGA
_bspa
_cCO-ViMGA
082 0 4 _aR580 L663n
100 1 _aLópez Jurado, Gerardo.
_933312
245 1 0 _aNombres científicos y vulgares de las plantas mas comunes
260 _aColombia :
_bToa
300 _a136 p.
650 1 4 _aBOTANICA - NOMENCLATURA
_96469
650 1 4 _aBOTANICA - NOMENCLATURA - DICCIONARIOS
_933313
942 _2ddc
_cBK
999 _c31395
_d31395